[Event "DVM U16 2003"]
[Site "Greifswald GER"]
[Date "2003.12.29"]
[Round "6"]
[White "Schwenke, Vincent"]
[Black "Vieten, Florian"]
[Result "0-1"]
[Termination "normal"]
[Board "6.3"]
[WhiteElo "1560"]
[BlackElo "1538"]
[WhiteTeam "SG Aufbau Elbe Magdeburg"]
[BlackTeam "SF 74 Heinsberg"]
[PlyCount "154"]
[WhiteFideId "24620467"]
[EventCountry "GER"]
[EventRounds "7"]
[EventType "team-swiss"]
[EventDate "2003.12.26"]

1. e4 d5 2. exd5 Nf6 3. c4 e6 4. d4 exd5 5. Nc3 Nc6 6. Nf3 Bg4 7. c5 g6 8. Be2
Bg7 9. Bg5 O-O 10. O-O Re8 11. h3 Bf5 12. a3 Qd7 13. Bb5 Ne4 14. Bf4 f6 15. Re1
Re7 16. g4 Bxg4 17. Bxc6 bxc6 18. hxg4 Qxg4+ 19. Bg3 Nxg3 20. Rxe7 Nf5+ 21. Kf1
Nxe7 22. Qe2 Qh3+ 23. Kg1 Kf7 24. Re1 Re8 25. b4 Qd7 26. Qd3 Bh6 27. a4 Qg4+
28. Kf1 Qh3+ 29. Kg1 Qg4+ 30. Kf1 Nf5 31. Rxe8 Kxe8 32. Qe2+ Kf8 33. Qd3 Qh3+
34. Ke2 Nh4 35. Ne1 Qxd3+ 36. Nxd3 Nf5 37. b5 Nxd4+ 38. Kd1 Ke8 39. bxc6 Nxc6
40. Nxd5 Ne5 41. Nxf6+ Kf7 42. Nxe5+ Kxf6 43. Nc6 Bf8 44. Nxa7 Bxc5 45. Nc6
Bxf2 46. a5 h5 47. Ke2 Bd4 48. a6 h4 49. a7 Bxa7 50. Nxa7 c5 51. Nb5 Ke5 52.
Ke3 g5 53. Nc3 g4 54. Ne4 h3 55. Nf2 Kf5 56. Ne4 c4 57. Nd6+ Ke5 58. Nxc4+ Kd5
59. Nb6+ Kc6 60. Nc4 h2 61. Ne5+ Kb7 62. Nxg4 h1=Q 63. Kf4 Qe1 64. Ne5 Kc7 65.
Nf3 Qc1+ 66. Kg3 Kd6 67. Kg2 Qe3 68. Kg3 Kd5 69. Kg4 Ke6 70. Ng5+ Kf6 71. Nf3
Qe7 72. Kg3 Kg6 73. Kf2 Kf5 74. Kg3 Qe3 75. Kg2 Kf4 76. Nh2 Qg3+ 77. Kh1 Qf2
0-1

[Event "DVM U16 2003"]
[Site "Greifswald GER"]
[Date "2003.12.29"]
[Round "6"]
[White "van Orsouw, Svenja"]
[Black "Spandel, Michael"]
[Result "0-1"]
[Termination "normal"]
[Board "6.4"]
[WhiteElo "1486"]
[BlackElo "1544"]
[WhiteTeam "SF 74 Heinsberg"]
[BlackTeam "SG Aufbau Elbe Magdeburg"]
[PlyCount "132"]
[WhiteFideId "24677124"]
[EventCountry "GER"]
[EventRounds "7"]
[EventType "team-swiss"]
[EventDate "2003.12.26"]

1. d4 d5 2. Nc3 e6 3. e4 Bb4 4. e5 c5 5. a3 Ba5 6. Be3 Nc6 7. Bb5 Nge7 8. f4
Nf5 9. Qd2 Nxe3 10. Qxe3 Qb6 11. Qe2 cxd4 12. b4 dxc3 13. bxa5 Qxa5 14. Qd3 Bd7
15. Bxc6 Bxc6 16. Ne2 O-O 17. Qxc3 Qxc3+ 18. Nxc3 Rac8 19. Ne2 Ba4 20. c3 Rc7
21. Kd2 Rfc8 22. Rhc1 Bb5 23. Nd4 Bc4 24. Rab1 b6 25. Rb2 g6 26. g4 Kg7 27. h4
Rc5 28. a4 Ra5 29. Rb4 Rac5 30. Rb2 Rb8 31. Ra1 h6 32. Ra3 g5 33. fxg5 hxg5 34.
h5 Rcc8 35. Ke3 Rc7 36. Rf2 Rbc8 37. Nf3 Kh6 38. Nd4 Rb7 39. Rf6+ Kh7 40. Nf3
Rg8 41. Nd4 Rc7 42. Nb5 Bxb5 43. axb5 Rgc8 44. Kd3 Rb7 45. Ra1 Rc4 46. Rg1 Rbc7
47. Rc1 Rxg4 48. Rcf1 Kg8 49. h6 Rh4 50. R1f3 g4 51. R3f4 Rh3+ 52. Ke2 Rcxc3
53. Rxf7 Rc2+ 54. Kd1 Ra2 55. Rf8+ Kh7 56. R4f7+ Kxh6 57. Rf6+ Kg5 58. Rg8+ Kh4
59. Rh8+ Kg3 60. Rxh3+ gxh3 61. Rg6+ Kf4 62. Rxe6 h2 63. Rh6 Ra1+ 64. Kd2 h1=Q
65. Rxh1 Rxh1 66. e6 Rh8 0-1

[Event "DVM U16 2003"]
[Site "Greifswald GER"]
[Date "2003.12.29"]
[Round "6"]
[White "Galbraith, Martin"]
[Black "Ehrhardt, Eric"]
[Result "1-0"]
[Termination "normal"]
[Board "7.1"]
[WhiteElo "2095"]
[BlackElo "2060"]
[WhiteTeam "SK Gau-Algesheim"]
[BlackTeam "SG Turm Leipzig"]
[PlyCount "79"]
[WhiteFideId "4697448"]
[BlackFideId "24602450"]
[EventCountry "GER"]
[EventRounds "7"]
[EventType "team-swiss"]
[EventDate "2003.12.26"]

1. d4 Nf6 2. c4 g6 3. Nf3 Bg7 4. g3 O-O 5. Bg2 d6 6. O-O c6 7. Nc3 Nbd7 8. e4
e5 9. h3 Ne8 10. Re1 Qc7 11. Be3 f5 12. Ng5 Nb6 13. c5 dxc5 14. dxc5 Nd7 15.
Ne6 Qa5 16. Qb3 Kh8 17. Nxf8 Nxf8 18. Rad1 Qc7 19. exf5 gxf5 20. Qa4 Ne6 21.
Nd5 Qb8 22. Ne7 f4 23. Bc1 Qc7 24. Nxc8 Rxc8 25. Qc4 Qf7 26. Bxf4 exf4 27. Qxe6
Qxe6 28. Rxe6 fxg3 29. fxg3 Bxb2 30. Rd7 Ng7 31. Ree7 b6 32. cxb6 axb6 33. Bxc6
Bf6 34. Rc7 Rd8 35. Red7 Rg8 36. Ra7 Be5 37. Kg2 Bb8 38. Rab7 Be5 39. Be4 Ra8
40. a4 1-0

[Event "DVM U16 2003"]
[Site "Greifswald GER"]
[Date "2003.12.29"]
[Round "6"]
[White "Schumacher, Markus"]
[Black "Becker, Matthias"]
[Result "1-0"]
[Termination "normal"]
[Board "7.2"]
[WhiteElo "1629"]
[BlackElo "1486"]
[WhiteTeam "SG Turm Leipzig"]
[BlackTeam "SK Gau-Algesheim"]
[PlyCount "83"]
[BlackFideId "24625850"]
[EventCountry "GER"]
[EventRounds "7"]
[EventType "team-swiss"]
[EventDate "2003.12.26"]

1. e4 e6 2. d4 d5 3. Nc3 Bb4 4. Bd2 c5 5. a3 Bxc3 6. Bxc3 cxd4 7. Qxd4 Nf6 8.
exd5 exd5 9. O-O-O Nc6 10. Qh4 Be6 11. Qg5 d4 12. Ne2 O-O 13. Nxd4 Ne4 14. Nxe6
Qxg5+ 15. Nxg5 Nxg5 16. Rd7 Rad8 17. Rxb7 Ne4 18. Be1 Rfe8 19. Bb5 Nd6 20. Bxc6
Nxb7 21. Bxb7 Re7 22. Bf3 Rde8 23. Bc3 Rd8 24. Rd1 Rxd1+ 25. Kxd1 Rd7+ 26. Ke2
Re7+ 27. Kd3 g6 28. Kc4 h5 29. Kb5 f5 30. h4 Kh7 31. Ka6 Rc7 32. Bb7 Re7 33.
Bd4 Re2 34. c4 Rd2 35. Bc3 Rxf2 36. c5 Rf4 37. Bf6 Rc4 38. c6 Kg8 39. Kxa7 Kf7
40. Bg5 Ke6 41. Kb6 Kd6 42. g3 1-0

[Event "DVM U16 2003"]
[Site "Greifswald GER"]
[Date "2003.12.29"]
[Round "6"]
[White "Ozga, Christian"]
[Black "Jänig, Philipp"]
[Result "0-1"]
[Termination "normal"]
[Board "7.3"]
[WhiteElo "1253"]
[BlackElo "1494"]
[WhiteTeam "SK Gau-Algesheim"]
[BlackTeam "SG Turm Leipzig"]
[PlyCount "69"]
[EventCountry "GER"]
[EventRounds "7"]
[EventType "team-swiss"]
[EventDate "2003.12.26"]

1. e4 c5 2. Nf3 d6 3. Nc3 Nc6 4. a3 e6 5. d3 Nf6 6. Bg5 Be7 7. h3 a6 8. d4 cxd4
9. Nxd4 O-O 10. Nxc6 bxc6 11. Bd3 Qc7 12. O-O d5 13. exd5 cxd5 14. Rb1 Bb7 15.
Qd2 Rac8 16. Rfc1 Rfd8 17. f3 Bc5+ 18. Kh1 Nh5 19. Ne2 Re8 20. Nf4 Nxf4 21.
Bxf4 e5 22. b4 Bd6 23. Bg3 e4 24. Bxd6 Qxd6 25. Be2 Qe5 26. Rd1 e3 27. Qd4 Qxd4
28. Rxd4 Rxc2 29. Re1 Rd2 30. Bd3 g6 31. Kg1 Re7 32. Kf1 Rf2+ 33. Kg1 Ra2 34.
b5 axb5 35. Bxb5 0-1

[Event "DVM U16 2003"]
[Site "Greifswald GER"]
[Date "2003.12.29"]
[Round "6"]
[White "Ebert, Andreas"]
[Black "Grieb, Tobias"]
[Result "1-0"]
[Termination "normal"]
[Board "7.4"]
[WhiteElo "1624"]
[BlackElo "973"]
[WhiteTeam "SG Turm Leipzig"]
[BlackTeam "SK Gau-Algesheim"]
[PlyCount "21"]
[BlackFideId "1270616"]
[EventCountry "GER"]
[EventRounds "7"]
[EventType "team-swiss"]
[EventDate "2003.12.26"]

1. d4 e6 2. c4 d5 3. Nc3 c5 4. Nf3 Nc6 5. e3 Qb6 6. Na4 Qc7 7. cxd5 exd5 8.
dxc5 a6 9. Nb6 Nf6 10. Nxa8 Bxc5 11. Nxc7+ 1-0

[Event "DVM U16 2003"]
[Site "Greifswald GER"]
[Date "2003.12.29"]
[Round "6"]
[White "Schneider, David"]
[Black "Willert, Christof"]
[Result "1-0"]
[Termination "normal"]
[Board "8.1"]
[WhiteElo "2026"]
[BlackElo "1536"]
[WhiteTeam "SK Dicker Turm Münnerstadt"]
[BlackTeam "Schachverein Gryps"]
[PlyCount "49"]
[WhiteFideId "4697111"]
[EventCountry "GER"]
[EventRounds "7"]
[EventType "team-swiss"]
[EventDate "2003.12.26"]

1. e4 e6 2. d4 d5 3. e5 c5 4. c3 Nc6 5. Nf3 Qb6 6. a3 a5 7. Be2 Bd7 8. O-O cxd4
9. cxd4 Nge7 10. Nc3 Ng6 11. Na4 Qc7 12. Be3 Be7 13. Rc1 O-O 14. Qb3 f6 15.
exf6 Rxf6 16. Bg5 Rf7 17. Bxe7 Rxe7 18. Nc5 Rb8 19. Bb5 Ree8 20. Rfe1 Qd8 21.
Qa4 Bc8 22. Re3 Re7 23. Rce1 Nf8 24. Bxc6 bxc6 25. Ne5 1-0

[Event "DVM U16 2003"]
[Site "Greifswald GER"]
[Date "2003.12.29"]
[Round "6"]
[White "Völsgen, Georg"]
[Black "Krebs, Martin"]
[Result "0-1"]
[Termination "normal"]
[Board "8.2"]
[WhiteElo "1449"]
[BlackElo "1675"]
[WhiteTeam "Schachverein Gryps"]
[BlackTeam "SK Dicker Turm Münnerstadt"]
[PlyCount "68"]
[WhiteFideId "24635901"]
[EventCountry "GER"]
[EventRounds "7"]
[EventType "team-swiss"]
[EventDate "2003.12.26"]

1. e4 c5 2. Nf3 d6 3. d4 cxd4 4. Nxd4 Nf6 5. Nc3 Nc6 6. Be3 g6 7. Bc4 Bg7 8.
O-O O-O 9. Qd2 Bd7 10. f3 Rc8 11. Kh1 Nxd4 12. Bxf7+ Rxf7 13. Bxd4 Qc7 14. Rac1
Bc6 15. Be3 Nd7 16. Nd1 Bxe4 17. Re1 Bc6 18. Bg5 Nf6 19. Qe3 b6 20. Bh6 e5 21.
Bxg7 Kxg7 22. Qg5 Nd5 23. Ne3 Nxe3 24. Qxe3 Bb7 25. c3 Qc5 26. Qxc5 bxc5 27.
Red1 d5 28. Re1 Kf6 29. c4 d4 30. Re2 Re7 31. Rce1 Rce8 32. b3 e4 33. fxe4 Bxe4
34. a3 Bxg2+ 0-1

[Event "DVM U16 2003"]
[Site "Greifswald GER"]
[Date "2003.12.29"]
[Round "6"]
[White "Schneider, Raphael"]
[Black "Hollatz, Michael"]
[Result "1/2-1/2"]
[Termination "normal"]
[Board "8.3"]
[WhiteElo "1628"]
[BlackElo "1339"]
[WhiteTeam "SK Dicker Turm Münnerstadt"]
[BlackTeam "Schachverein Gryps"]
[PlyCount "71"]
[BlackFideId "4622820"]
[EventCountry "GER"]
[EventRounds "7"]
[EventType "team-swiss"]
[EventDate "2003.12.26"]

1. e4 e5 2. Nf3 d6 3. Nc3 Nf6 4. Bc4 c6 5. Bb3 Nbd7 6. O-O Nc5 7. d3 Be7 8. Re1
O-O 9. d4 Nxb3 10. axb3 Bg4 11. dxe5 Bxf3 12. Qxf3 dxe5 13. Rd1 Qc7 14. Be3 a6
15. Rd3 Rfd8 16. Rad1 Rxd3 17. Rxd3 Rd8 18. Qd1 Rxd3 19. Qxd3 Qa5 20. Qd1 h6
21. f3 Bc5 22. Bxc5 Qxc5+ 23. Kf1 Qd4 24. Qxd4 exd4 25. Ne2 c5 26. c3 dxc3 27.
bxc3 g5 28. c4 Kf8 29. Nc3 Ke7 30. Ke2 Kd6 31. g3 Kc6 32. Nd5 Nxd5 33. cxd5+
Kd6 34. h3 b5 35. Kd3 b4 36. f4 1/2-1/2

[Event "DVM U16 2003"]
[Site "Greifswald GER"]
[Date "2003.12.29"]
[Round "6"]
[White "Zimmermann, Gordon"]
[Black "Thiem, Markus"]
[Result "1-0"]
[Termination "normal"]
[Board "8.4"]
[WhiteElo "1336"]
[BlackElo "1400"]
[WhiteTeam "Schachverein Gryps"]
[BlackTeam "SK Dicker Turm Münnerstadt"]
[PlyCount "65"]
[WhiteFideId "24624330"]
[EventCountry "GER"]
[EventRounds "7"]
[EventType "team-swiss"]
[EventDate "2003.12.26"]

1. e4 c5 2. Nf3 d6 3. d4 cxd4 4. Nxd4 Nc6 5. Nc3 g6 6. Be3 Bg7 7. Bc4 Nf6 8. f3
O-O 9. Qd2 Bd7 10. O-O-O a6 11. g4 Qc7 12. Bb3 Nxd4 13. Bxd4 Rac8 14. h4 b5 15.
a3 a5 16. h5 gxh5 17. gxh5 h6 18. Rdg1 Kh7 19. Qg2 Bh8 20. Bxf7 Rg8 21. Bxg8+
Rxg8 22. Qf2 Qc8 23. Bxf6 Bxf6 24. Rxg8 Qxg8 25. Qg1 Bg5+ 26. Kb1 b4 27. axb4
axb4 28. Nd5 Qb8 29. f4 e6 30. Nf6+ Bxf6 31. Qg6+ Kh8 32. Qxf6+ Kh7 33. Qf7+
1-0

[Event "DVM U16 2003"]
[Site "Greifswald GER"]
[Date "2003.12.29"]
[Round "6"]
[White "Thiery, Ian"]
[Black "Heyden, Jonas"]
[Result "0-1"]
[Termination "normal"]
[Board "9.2"]
[WhiteElo "1602"]
[BlackElo "1630"]
[WhiteTeam "SC Rochade Saarlouis 93"]
[BlackTeam "SF Brackel 30"]
[PlyCount "42"]
[BlackFideId "24638510"]
[EventCountry "GER"]
[EventRounds "7"]
[EventType "team-swiss"]
[EventDate "2003.12.26"]

1. e4 e5 2. Nf3 Nc6 3. Bc4 Nf6 4. Ng5 Bc5 5. O-O O-O 6. Nc3 d6 7. d3 h6 8. Nf3
Bg4 9. Be3 Nd4 10. Bxd4 Bxd4 11. Rb1 c6 12. h3 Bh5 13. Qe2 a5 14. a4 Qd7 15.
Nd1 Nh7 16. Ne3 Ng5 17. Nf5 Bxf3 18. gxf3 Nxh3+ 19. Kh2 Nf4 20. Qe1 Kh7 21. Rg1
g6 0-1

[Event "DVM U16 2003"]
[Site "Greifswald GER"]
[Date "2003.12.29"]
[Round "6"]
[White "Klug, Alexander"]
[Black "Loew, Frederic"]
[Result "1-0"]
[Termination "normal"]
[Board "9.3"]
[WhiteElo "1704"]
[BlackElo "1456"]
[WhiteTeam "SF Brackel 30"]
[BlackTeam "SC Rochade Saarlouis 93"]
[PlyCount "67"]
[EventCountry "GER"]
[EventRounds "7"]
[EventType "team-swiss"]
[EventDate "2003.12.26"]

1. e4 c5 2. c3 d6 3. d4 cxd4 4. cxd4 Nc6 5. Nf3 Bg4 6. Be2 Nf6 7. Nc3 g6 8. h3
Bxf3 9. Bxf3 Bg7 10. O-O O-O 11. Re1 Nd7 12. Be3 Nb6 13. Be2 e6 14. d5 exd5 15.
Nxd5 Nxd5 16. Qxd5 Qe7 17. Rab1 Rfe8 18. Bf3 Ne5 19. Be2 Nc6 20. Bc4 Nb4 21.
Qd2 Nc6 22. Bd5 Rab8 23. b3 a6 24. Rbc1 Rbc8 25. Red1 Red8 26. Rc2 Nb8 27. Rdc1
Rxc2 28. Rxc2 Qd7 29. Qc1 b5 30. Rc7 Qe8 31. Bxf7+ Qxf7 32. Rxf7 Kxf7 33. Qc7+
Ke8 34. Qxg7 1-0

[Event "DVM U16 2003"]
[Site "Greifswald GER"]
[Date "2003.12.29"]
[Round "6"]
[White "Schwanengel, Moritz"]
[Black "Schöttler, Richard"]
[Result "0-1"]
[Termination "normal"]
[Board "9.4"]
[WhiteElo "1184"]
[BlackElo "1590"]
[WhiteTeam "SC Rochade Saarlouis 93"]
[BlackTeam "SF Brackel 30"]
[PlyCount "90"]
[EventCountry "GER"]
[EventRounds "7"]
[EventType "team-swiss"]
[EventDate "2003.12.26"]

1. e4 e5 2. Nf3 Nc6 3. Bb5 a6 4. Bxc6 dxc6 5. O-O Bd6 6. d4 Bg4 7. Be3 Bxf3 8.
Qxf3 exd4 9. Bf4 Ne7 10. Nd2 Bxf4 11. Qxf4 O-O 12. Nb3 Re8 13. Rad1 Ng6 14. Qf3
Qe7 15. Rxd4 Rad8 16. Rfd1 b6 17. Rxd8 Rxd8 18. Rxd8+ Qxd8 19. Qd3 Qxd3 20.
cxd3 Ne5 21. Nc1 c5 22. f3 Kf8 23. Kf2 Ke7 24. b3 b5 25. Ke2 Kd6 26. f4 Ng6 27.
Ke3 Ne7 28. Ne2 Nc6 29. e5+ Kd7 30. Nc3 Nb4 31. Ne4 Nxa2 32. Nxc5+ Kc6 33. Nxa6
Nc1 34. b4 Na2 35. f5 Nc3 36. d4 Kb6 37. e6 fxe6 38. fxe6 Kxa6 39. Kf4 Nd5+ 40.
Ke5 Nf6 41. d5 Kb7 42. e7 Kc8 43. Ke6 Ne8 44. h3 h5 45. g3 Nd6 0-1

[Event "DVM U16 2003"]
[Site "Greifswald GER"]
[Date "2003.12.29"]
[Round "6"]
[White "Hirschfeld, Sebastian"]
[Black "Busch, Dean"]
[Result "0-1"]
[Termination "normal"]
[Board "10.1"]
[WhiteElo "1443"]
[BlackElo "1800"]
[WhiteTeam "Schachverein Gryps 2"]
[BlackTeam "SV 1932 Wermelskirchen"]
[PlyCount "46"]
[EventCountry "GER"]
[EventRounds "7"]
[EventType "team-swiss"]
[EventDate "2003.12.26"]

1. e4 e6 2. d4 d5 3. exd5 exd5 4. Nf3 Bd6 5. Nc3 c6 6. Be3 Nf6 7. Qd2 Bf5 8.
Bd3 Bxd3 9. Qxd3 Nbd7 10. O-O-O O-O 11. h3 b5 12. g4 b4 13. Nb1 Qa5 14. a3 bxa3
15. Nxa3 Rab8 16. Nb1 Qa1 17. b3 Ne4 18. Rdf1 Ba3+ 19. Kd1 Qxb1+ 20. Ke2 Qb2
21. Bd2 Rfe8 22. Ne5 Nxe5 23. dxe5 Qxe5 0-1

[Event "DVM U16 2003"]
[Site "Greifswald GER"]
[Date "2003.12.29"]
[Round "6"]
[White "Wirths, Clara"]
[Black "Hartmann, Elisa"]
[Result "0-1"]
[Termination "normal"]
[Board "10.2"]
[WhiteElo "1508"]
[BlackElo "1208"]
[WhiteTeam "SV 1932 Wermelskirchen"]
[BlackTeam "Schachverein Gryps 2"]
[PlyCount "152"]
[WhiteFideId "24632597"]
[BlackFideId "4616235"]
[EventCountry "GER"]
[EventRounds "7"]
[EventType "team-swiss"]
[EventDate "2003.12.26"]

1. e4 e5 2. Nf3 Nc6 3. Bc4 Nf6 4. Ng5 d5 5. exd5 Na5 6. Bb5+ c6 7. dxc6 bxc6 8.
Be2 h6 9. Nf3 e4 10. Ne5 Qd4 11. Ng4 Bxg4 12. Bxg4 Bc5 13. O-O e3 14. Bf3 exf2+
15. Kh1 Qd6 16. c3 Bb6 17. d4 h5 18. Rxf2 Ng4 19. Bxg4 hxg4 20. Bf4 Qg6 21.
Qe1+ Kf8 22. Re2 Qf5 23. Bg3 Nb7 24. Nd2 c5 25. dxc5 Nxc5 26. Nc4 Qd3 27. Nxb6
axb6 28. Rd1 Qf5 29. b4 Na4 30. Rf2 Qg5 31. Qe6 Qh5 32. Rd5 Rh6 33. Qe4 Nxc3
34. Rff5 Qg6 35. Qd4 Nxd5 36. Qxd5 Re8 37. Qd7 Qe6 38. Qxe6 Rhxe6 39. h3 gxh3
40. gxh3 Re2 41. a4 Rc8 42. Rf2 Rxf2 43. Bxf2 Rb8 44. Kg2 Ke7 45. Kf3 Kd7 46.
Ke4 Kc6 47. Bd4 g6 48. Ke5 Rb7 49. a5 bxa5 50. bxa5 Rb5+ 51. Kf6 Rf5+ 52. Ke7
Kb5 53. Bb6 Rf3 54. h4 Rf4 55. Bd8 Rxh4 56. Kxf7 Rg4 57. Kf6 Rg2 58. Ke5 Rd2
59. Bg5 Rc2 60. Bd8 Rf2 61. Ke4 Rf8 62. Bb6 g5 63. Be3 g4 64. Kd3 Kxa5 65. Ke2
Kb5 66. Kd3 g3 67. Ke2 g2 68. Bf2 Kc4 69. Ke3 Kd5 70. Ke2 Ke5 71. Ke3 Rf5 72.
Bg3+ Kf6 73. Bh4+ Kg6 74. Bf2 Kh5 75. Ke2 Kg4 76. Ke3 Kh3 0-1

[Event "DVM U16 2003"]
[Site "Greifswald GER"]
[Date "2003.12.29"]
[Round "6"]
[White "Nautsch, Andreas"]
[Black "Koch, Florian"]
[Result "1/2-1/2"]
[Termination "normal"]
[Board "10.3"]
[WhiteElo "1139"]
[BlackElo "1233"]
[WhiteTeam "Schachverein Gryps 2"]
[BlackTeam "SV 1932 Wermelskirchen"]
[PlyCount "52"]
[EventCountry "GER"]
[EventRounds "7"]
[EventType "team-swiss"]
[EventDate "2003.12.26"]

1. e4 c5 2. Nf3 Nc6 3. d4 cxd4 4. Nxd4 d6 5. Nc3 Nf6 6. Be3 g6 7. f3 Bg7 8. Qd2
O-O 9. O-O-O Bd7 10. g4 Re8 11. g5 Nh5 12. Be2 Bh8 13. f4 Ng7 14. h4 Qc8 15.
Rdg1 Nh5 16. Bxh5 gxh5 17. g6 hxg6 18. f5 Ne5 19. Qe2 Kh7 20. fxg6+ fxg6 21.
Nf3 Bg4 22. Ng5+ Kg8 23. Qf2 Rf8 24. Bf4 Nc6 25. Qd2 Bd4 26. Rf1 Qc7 1/2-1/2

[Event "DVM U16 2003"]
[Site "Greifswald GER"]
[Date "2003.12.29"]
[Round "6"]
[White "Fröhlich, Sebastian"]
[Black "Tsoumanis, Konstantinos"]
[Result "1-0"]
[Termination "normal"]
[Board "10.4"]
[WhiteElo "1191"]
[BlackElo "984"]
[WhiteTeam "SV 1932 Wermelskirchen"]
[BlackTeam "Schachverein Gryps 2"]
[PlyCount "75"]
[EventCountry "GER"]
[EventRounds "7"]
[EventType "team-swiss"]
[EventDate "2003.12.26"]

1. e4 e5 2. Nf3 Nc6 3. Bc4 Bc5 4. b4 Bb6 5. Bb2 d6 6. d4 exd4 7. Nxd4 Nxd4 8.
Bxd4 Bxd4 9. Qxd4 Be6 10. Bxe6 fxe6 11. Qxg7 Qf6 12. Qxf6 Nxf6 13. Nd2 Rg8 14.
O-O O-O-O 15. c4 Rg5 16. Rfe1 d5 17. e5 Ng4 18. cxd5 Rxd5 19. Nf3 Rf5 20. h3
Nxe5 21. Nxe5 Rdxe5 22. Rad1 Rxe1+ 23. Rxe1 Kd7 24. g4 Rf4 25. a3 Rf3 26. Re3
Rxe3 27. fxe3 Kd6 28. Kf2 Kd5 29. Kf3 Kc4 30. h4 Kb3 31. h5 Kxa3 32. g5 Kxb4
33. g6 a5 34. gxh7 a4 35. h8=Q a3 36. h6 a2 37. Qb2+ Kc5 38. Qxa2 1-0